Competition policy and monetary policy: a comparative perspective

Salvato in:
Dettagli Bibliografici
Autore principale: Monti, Mario
Natura: Libro
Lingua:inglese
Pubblicazione: Basel Bank for International Settlements 2006
Serie:<The> Per Jacobsson lecture
Soggetti:
Tags: Aggiungi Tag
Nessun Tag, puoi essere il primo ad aggiungerne!!

MARC

LEADER 00000nam$a2200000$$$4500
001 0056450
005 20240318114158.4
041 0 |a eng 
044 |a CH 
245 1 0 |a Competition policy and monetary policy: a comparative perspective  |c Mario Monti 
264 1 |a Basel  |b Bank for International Settlements  |c 2006 
300 |a 25 s. 
490 1 |a <The> Per Jacobsson lecture 
830 0 |a <The> Per Jacobsson lecture 
610 2 0 |a politika menová 
610 2 0 |a konkurencia 
610 2 0 |a politika finančná 
610 2 0 |a banky 
100 1 |a Monti, Mario